Music Quiz

Random Music or Song Quiz

Blur Opening Lyrics Quiz Stats

 Plays Quiz not verified by Sporcle

Score 0/20 Timer 06:00
0 Plays Today
Lyrics Song % Correct
Confidence is a preferenceParklife
98.5%
City dweller, successful fellaCountry House
94.6%
I got my head checkedSong 2
93.4%
Streets like a jungleGirls and Boys
89.6%
(Title) is the night, lying by your sideTender
86.1%
(Title) what you doneBeetlebum
85.5%
This is the next centuryThe Universal
84.9%
Do you feel like a chain store?Coffee & TV
81.6%
She says there's ants in the carpetEnd of a Century
79.4%
You're taking the fun out of everythingThere's No Other Way
79.1%
Lyrics Song % Correct
She's a 20th century girlFor Tomorrow
76.6%
The suburbs they are dreamingStereotypes
67.6%
I see her face every dayShe's So High
67.3%
All those dirty wordsTo The End
63.8%
And into the sea goes pretty England and meThis is a Low
59.2%
The pay me girl has had enough of the bleepsChemical World
56.9%
(Title) here again in tidy attireSunday Sunday
53.9%
A fervoured image of another worldPopscene
51.8%
Sitting in an SDT, waiting for an underground trainBang
51.3%
It's 6 o'clock on the dotAdvert
48.8%

You're not logged in!

Compare scores with friends on all Sporcle quizzes.
OR
Log In

Show Comments

Extras

Created Oct 29, 2010ReportNominate
Tags:Album Quiz, Song Quiz, blur

Top Quizzes Today


Score Distribution

Your Account Isn't Verified!

In order to create a playlist on Sporcle, you need to verify the email address you used during registration. Go to your Sporcle Settings to finish the process.

Report this User

Report this user for behavior that violates our Community Guidelines.

Details: